Android aplikácia na spravovanie dávkovania liekov
Saved in:
| Main Author: | |
|---|---|
| Other Authors: | |
| Format: | Manuscript Book |
| Language: | Slovak |
| Published: |
2019
|
| Subjects: | |
| Online Access: | http://is.stuba.sk/zp/portal_zp.pl?podrobnosti=147727 |
| Tags: |
No Tags, Be the first to tag this record!
|
MARC
| LEADER | 00000ntm a22000003a 4500 | ||
|---|---|---|---|
| 001 | stuzp71559 | ||
| 003 | SK-STU | ||
| 005 | 20190904120201.7 | ||
| 007 | ta | ||
| 008 | 150427s2015----xo-----f-mn---000-0-slo-d | ||
| 040 | |a STU |b slo | ||
| 041 | 0 | |a slo | |
| 044 | |a xo | ||
| 100 | 1 | |a Holecová, Silvia |u 035000 |4 aut |U FEI Fakulta elektrotechniky a informatiky |T FEI Ústav informatiky a matematiky |X 79555 |U E050 |Y 816 |7 79555 | |
| 242 | 0 | 1 | |a Android application for managing the dosage of drugs |y eng |
| 245 | 1 | 0 | |a Android aplikácia na spravovanie dávkovania liekov |
| 260 | |c 2019 | ||
| 300 | |a 39 s., |b CD-ROM | ||
| 650 | 4 | |a Android |2 slo | |
| 650 | 4 | |a aplikácia |2 slo | |
| 650 | 4 | |a lieky |2 slo | |
| 650 | 4 | |a dávkovanie |2 slo | |
| 650 | 4 | |a Android |2 eng | |
| 650 | 4 | |a applications |2 eng | |
| 650 | 4 | |a medicine |2 eng | |
| 650 | 4 | |a dose |2 eng | |
| 700 | 1 | |a Képešiová, Zuzana |u 030400 |k Z3 |4 ths |U FEI Fakulta elektrotechniky a informatiky |T FEI Ústav automobilovej mechatroniky |X 8785 |U E400 |Y 642 |7 8785 | |
| 856 | 4 | |u http://is.stuba.sk/zp/portal_zp.pl?podrobnosti=147727 | |
| 996 | |b 284ER03074 |c E*Bc- 3074 |l EE35 |s P |a 0 |w stuzp71559_0001 | ||